| 000 | 00520nam a2200181 i 4500 | ||
|---|---|---|---|
| 001 | 61024 | ||
| 003 | ES-MaACL | ||
| 005 | 20230906164342.0 | ||
| 007 | t| | ||
| 008 | 031110s1981 sp ||||1| spa d | ||
| 245 | 0 | 4 | _aLos estudios de informática. |
| 260 |
_aMadrid : _bFundación Universidad Empresa, _c1981. |
||
| 300 |
_a118, LXIV p. ; _c24 cm. |
||
| 490 | 1 |
_aMonografias profesionales ; _v27 |
|
| 830 | 0 |
_aMonografias profesionales ; _v27 _9182734 |
|
| 852 |
_aES-MaACL _jL-1398 _bR.102339 |
||
| 999 |
_c61024 _d61024 |
||